Terukirnya Bahasa Melayu dalam Sains dan Matematik Malayonesia

Bibliographic Details
Main Author: Shaharir b. M. Z
Format: Book
Published: Pulau Pinang : Universiti Sains Malaysia (USM) , 2018
Subjects:

MARC

LEADER 00000cam a2200000 7i4500
001 0000081997
005 20190113.0
008 190113
020 |a 9789674612436 
041 0 |a Malay 
090 0 0 |a 499.2309   |b SHA 
100 1 |a Shaharir b. M. Z 
245 0 0 |a Terukirnya Bahasa Melayu dalam Sains dan Matematik Malayonesia   |c Shaharir b. M. Z 
260 |a Pulau Pinang :   |b Universiti Sains Malaysia (USM) ,   |c 2018 
300 |a 231p ;   |c 24cm. 
541 0 0 |c Purchased on 2018   |f 2018/109 EKM   |h RM37.00 
650 0 |a Ethnoscience 
650 0 |a Government publication   |z Malaysia 
650 0 |a Malay language   |x History & criticism 
650 0 |a Traditional ecological knowledge 
999 |a 0001531962   |b Book   |c Adult Collection   |e Cawangan Mersing 
999 |a 0001531963   |b Book   |c Adult Collection   |e Cawangan Bukit Gambir 
999 |a 0001531964   |b Book   |c Adult Collection   |e Cawangan Tmn. Ungku Tun Aminah 
999 |a 0001531965   |b Book   |c Adult Collection   |e Cawangan Bandar Penawar 
999 |a 0001531967   |b Book   |c Adult Collection   |e Cawangan Pontian 
999 |a 0001531969   |b Book   |c Adult Collection   |e Cawangan Segamat 
999 |a 0001531970   |b Book   |c Adult Collection   |e Cawangan Taman Sri Lambak 
999 |a 0001531972   |b Book   |c Adult Collection   |e Cawangan Batu Pahat 
999 |a 0001531974   |b Book   |c Adult Collection   |e Cawangan Bandar Tenggara 
999 |a 0001532193   |b Book   |c Adult Collection   |e Perbadanan Perpustakaan Awam Johor 
999 |a 0001532194   |b Book   |c Adult Collection   |e Cawangan Urban Transformation Centre 
999 |a 0001532195   |b Book   |c Adult Collection   |e Cawangan AEON Kulaijaya